000
00285nam a2200121Ia 4500
008
190216s9999||||xx |||||||||||||| ||und||
100
_a
Clark John And Holton
245
0
_a
Graph Theory
260
_b
Allied Publications
_c
1991
300
_a
330p
650
_a
Mathematics
942
_c
BK
999
_c
31620
_d
31620